Game Birds - Statistics

General Stats
  • This quiz has been taken 6 times
  • The average score is 4 of 16
Answer Stats
Answer % Correct
pheasant
100%
grouse
50%
woodcock
50%
snipe
33%
bobwhite quail
17%
coot
17%
gallinule
17%
mourning dove
17%
rail
17%
swan
17%
wild turkey
17%
brant
0%
Eurasian collared dove
0%
geese
0%
merganser
0%
wild ducks
0%
No matching quizzes found
Score Distribution
Percent of People with Each Score
Percentile by Number Answered
Your Score History
You have not taken this quiz